One Piece Ages Quiz - Statistics

General Stats
  • This quiz has been taken 64 times
  • The average score is 410 of 441
Answer Stats
Hint Answer % Correct
Babe | Bell-mère | Boa Sandersonia | +14 others 30
100%
Charlotte Dolce | Charlotte Dragee | Mocha 9
100%
Charlotte Normande | Chimney 10
98%
Cabaji | Carne | Charlotte Basans | +4 others 34
98%
Absalom | Catarina Devon | Charlotte High-Fat | +10 others 36
98%
Smiley 4
98%
Benn Beckman | Charlotte Perospero | Gecko Moria | +2 others 50
98%
And | Emporio Ivankov | Gol D. Roger | +3 others 53
98%
Borsalino 58
98%
Jigoro 59
98%
Riku Doldo III 60
98%
Giolla 61
98%
Goldberg | Loki | Road | Tonjit 63
98%
Charlotte Anana | Kozuki Momonosuke | Tama 8
98%
Capone Pez | Nekozaemon | Nuke Suzume | +3 others 0
95%
Camie | Charlotte Akimeg | Charlotte Allmeg | +13 others 18
95%
Charlotte Yuen | Kaya | Monkey D. Luffy | Usopp 19
95%
Charlotte Maple | Charlotte Marble | Charlotte Mobile | +16 others 25
95%
Cavendish | Charlotte Chiffon | Charlotte Lola | +7 others 26
95%
Alvida | Bellamy | Byron | +14 others 27
95%
Boa Marigold | Charlotte Kanten | Charlotte Katou | +9 others 28
95%
Charlotte Praline | Charlotte Prim | Concelot | +10 others 29
95%
Basil Hawkins | Boa Hancock | Charlotte Galette | +6 others 31
95%
Bentham | Blueno | Caribou | +3 others 32
95%
Bobby Funk | Charlotte Melise | Gladius | +6 others 33
95%
Charlotte Cinnamon | Charlotte Citron | Charlotte Smoothie | +10 others 35
95%
Charlotte Marnier | Charlotte Mozart | Galdino | Jabra 37
95%
Bastille | Charlotte Mont-d'Or | Foxy | +4 others 38
95%
Buggy | Charlotte Compo | Charlotte Laurin | +7 others 39
95%
Chadros Higelyges | Charlotte Angel | Charlotte Cracker | +6 others 45
95%
Bas | Charlotte Daifuku | Charlotte Katakuri | +5 others 48
95%
Charlotte Compote | Kuzan | Trebol 49
95%
Drophy | Heracles | Koushirou 51
95%
Machvise | Squard 52
95%
Issho | Pagaya 54
95%
Brannew | Mukkashimi Tower | Vinsmoke Judge 56
95%
Elizabello II 57
95%
Shakuyaku 64
95%
Tom | Zeff 67
95%
Charlotte Linlin | Gan Fall | Hiluluk 68
95%
Charlotte Wafers | Nora Gitsune 13
93%
Charlotte Pudding | Cowboy | Dellinger | +5 others 16
93%
Charlotte Joscarpone | Charlotte Mascarpone | Kyuin | +4 others 20
93%
Bepo | Charlotte Raisin | Helmeppo | +9 others 22
93%
Buchi | Charlotte Joconde | Eustass Kid | +5 others 23
93%
Baby 5 | Bartolomeo | Bluegilly | +12 others 24
93%
Arlong | Chaka | Charlotte Noisette | +4 others 41
93%
Avalo Pizarro | Bluejam | Capone Bege | +6 others 42
93%
Charlotte Broyé | Charlotte Brûlée | Dracule Mihawk | Mont Blanc Cricket 43
93%
Charlotte Zuccotto | Krieg | Kyros | +2 others 44
93%
Aladdin | Charlotte Cabaletta | Charlotte Cadenza | +9 others 46
93%
Bartholomew Kuma | Charlotte Amande | Charlotte Effilée | +8 others 47
93%
Curly Dadan | Minister of the Right | Monkey D. Dragon | +2 others 55
93%
Den | Minister of the Left 62
93%
Chief 65
93%
Spandine 66
93%
Crocus 73
93%
Charlotte Willow 12
91%
Bourbon Jr. | Charlotte Anglais | Chouchou | +3 others 14
91%
Charlotte Nougat | Matsuge | Saint Shalria | Tony Tony Chopper 17
91%
Charlotte Panna | Conis | Mozu | +5 others 21
91%
Lao G | Neptune 70
91%
Brook 90
91%
Aisa | Charlotte De-Chat | Kuina | +3 others 11
89%
Carrot | Charlotte Flampe | Kentauros | Stomp 15
89%
Edward Newgate | Kokoro | Little Oars Jr. 72
89%
Boodle | Gerd 75
89%
Bakkin | Tsuru 76
89%
Chinjao | Monkey D. Garp | Silvers Rayleigh 78
89%
Carmel 80
89%
Sanjuan Wolf 99
89%
Caesar Clown | Charlotte Cornstarch | Charlotte Mash | +9 others 40
86%
Hajrudin 81
86%
Streusen 92
86%
Amazon | Sengoku 79
84%
Clover 85
84%
Haredas 97
80%
Zunesha 1000
70%
Jaguar D. Saul 105
68%
Surume 120
57%
Kureha 141
52%
Brogy | Dorry | Morley 160
45%
Oimo 153
41%
Kashii 156
36%
Oars 159
36%
Jarul 408
9%
Jorul 344
5%
No matching quizzes found
Score Distribution
Percent of People with Each Score
Percentile by Number Answered
Your Score History
You have not taken this quiz